000 00564nam a22001817a 4500
003 OSt
005 20140310183120.0
008 130508t xxu||||| |||| 00| 0 eng d
020 _a9710807277
050 _aPE 1128
_b.N638 1977
082 _aFIL 301.016
_bF68 1977
245 _aCommunication arts :
_bfocus on english and american literature (integrated approach) /
_cNicolas, Flor R. , Nenita V. Mercado
260 _aManila :
_bNational Book Store, Inc.
_c1977
300 _a456 p. :
_c24 cm.
541 _j1
562 _e1
942 _2lcc
_cBK
999 _c18916
_d18916